Normal view
MARC view
- الاسلام - التدين الحق
Entry Topical Term
001 - CONTROL NUMBER
- control field: 18211
003 - CONTROL NUMBER IDENTIFIER
- control field: JO-AjAnu
005 - DATE AND TIME OF LATEST TRANSACTION
- control field: 20230606073213.0
008 - FIXED-LENGTH DATA ELEMENTS
- fixed length control field: 230606|| aca||aabn | a|a d
040 ## - CATALOGING SOURCE
- Original cataloging agency: JO-AjAnu
- Transcribing agency: JO-AjAnu
150 ## - HEADING--TOPICAL TERM
- Topical term or geographic name entry element: الاسلام - التدين الحق
670 ## - SOURCE DATA FOUND
- Source citation: Work cat.: (JO-AjAnu)9348: تاليف قراعة، محمود علي, author 18210, التدين الحق